000 00852nam a2200253Ia 4500
008 191130s2007##################000#0#eng##
020 _a9781403999962
022 _a2006050187
040 _aACL
_cACL
082 _a338.9 KIE
100 _aKiely, Ray
245 _aThe new political economy of development : globalization, imperialism, hegemony
_cRay Kiely
260 _aBasingstoke, Hampshire
_bPalgrave Macmillan
_c2007
300 _aviii, 333 p. ; 24 cm
500 _aIncludes bibliographical references (p. 290-324) and index
650 _aAnti-globalization movement
650 _aEconomic development - Sociological aspects
650 _aGlobalization - Economic aspects
650 _aImperialism - Economic aspects
650 _aNeoliberalism
990 _a8bb5437dac10000c118cb297f4941e2d
991 _a201402
999 _c61033
_d61033